|
|
|
|
| LEADER |
00000cam a2200000 a 4500 |
| 001 |
vtls001149379 |
| 003 |
SK-MaSNL |
| 005 |
20260301111939.0 |
| 008 |
231120s1990 xo grbn 00100 slo |
| 015 |
|
|
|a SNBSAB1990/04
|
| 020 |
|
|
|a 8085169037
|q (brožované)
|
| 035 |
|
|
|a SNK000092240
|
| 035 |
|
|
|a urn:nbn:sk:snk-amjbm7
|
| 035 |
|
|
|a urn:nbn:sk:snk-am003puu
|
| 035 |
|
|
|a 518D1A8E-0E04-4A0F-BCAD-01731E7AA42F
|
| 040 |
|
|
|a SNK
|b slo
|c SNK
|e AACR2
|
| 041 |
0 |
|
|a slo
|
| 043 |
|
|
|a e-xo---
|
| 044 |
|
|
|a xo
|c SK
|
| 072 |
|
7 |
|a 71
|x Územné plánovanie. Urbanizmus. Pamiatková starostlivosť
|2 konspekt
|
| 072 |
|
7 |
|a 01
|x Bibliografia. Katalógy
|2 konspekt
|
| 080 |
|
|
|a 71
|2 2011
|
| 080 |
|
|
|a (437.64)
|2 2011
|
| 080 |
|
|
|a (01)-048.58
|2 2011
|
| 110 |
2 |
|
|a Štátna vedecká knižnica v Banskej Bystrici
|4 aut
|9 224469
|
| 245 |
1 |
0 |
|a Územné plánovanie v Stredoslovenskom kraji
|b výberová bibliografia 1970-1989
|c [zostavila Mária Némethová]
|
| 260 |
|
|
|a V Banskej Bystrici
|b Štátna vedecká knižnica
|c 1990
|
| 300 |
|
|
|a 87 strán
|c 30 cm
|
| 366 |
|
|
|e 150 kusov
|
| 490 |
1 |
|
|a Výberové bibliografie
|
| 504 |
|
|
|a Menný register na strane 78-83. Topografický register na strane 84-87. Obsahuje bibliografické odkazy
|
| 648 |
|
7 |
|a 1970-1989
|2 SNKPH
|9 377983
|
| 650 |
0 |
7 |
|a územné plánovanie
|2 SNKPH
|9 2641
|
| 651 |
|
7 |
|a Stredoslovenský kraj (Slovensko)
|2 SNKPHgeo
|9 161135
|
| 655 |
|
7 |
|a výberové bibliografie
|2 SNKPH
|9 70561
|
| 655 |
|
7 |
|a neperiodické bibliografie
|2 SNKPH
|9 60408
|
| 700 |
1 |
|
|a Némethová, Mária,
|d 1947-
|4 com
|9 274991
|
| 752 |
|
|
|a Slovensko
|d Banská Bystrica
|
| 830 |
|
0 |
|a Výberové bibliografie
|9 308300
|
| 852 |
|
|
|a Slovenská národná knižnica
|
| 919 |
|
|
|a 80-85169-03-7
|
| 954 |
|
|
|a odborná, vedecká literatúra pôvodná (slovenská)
|2 lita
|
| 958 |
|
|
|a RK
|
| 958 |
|
|
|a TL
|
| 958 |
|
|
|a EUIPO
|
| 958 |
|
|
|a NB
|
| 958 |
|
|
|a OND
|
| 958 |
|
|
|a SF
|
| 999 |
|
|
|c 708939
|d 710869
|
| 952 |
|
|
|a SNK
|b SNK
|y VYP
|7 0
|p 17A0337764
|o snkSC 78711 D1
|i snkKSP 8772/91
|0 0
|1 0
|4 0
|d 2002-04-02
|f 1
|l 0
|r 2005-01-01 00:00:00
|w 2026-02-23
|
| 952 |
|
|
|a SNK
|b SNK
|y VYP
|7 0
|p 17A0353193
|o snkSC 78711 D2
|i snkKSP 9864/2002
|0 0
|1 0
|4 0
|d 2002-08-12
|l 0
|r 2005-01-01 00:00:00
|w 2026-02-23
|
| 952 |
|
|
|a SNK
|b SNK
|y PREZ
|7 0
|p 17A0966668
|o snkSC 78711
|0 0
|1 0
|4 0
|d 2012-08-09
|l 0
|r 2026-02-23 21:24:53
|w 2026-02-23
|